| 000 | 00578nam a22002057a 4500 | ||
|---|---|---|---|
| 005 | 20170124110223.0 | ||
| 010 | _a379485 | ||
| 020 | _c00.00 | ||
| 035 | _a379485 | ||
| 037 | _bCen Lib/Ret | ||
| 040 |
_aDPL _bEN |
||
| 082 |
_a630.3 _bFAR |
||
| 245 |
_aA farm dictionary / _ccompiled by Derek H.Chapman |
||
| 260 |
_aLondon _bEvans Brothers _c1953 |
||
| 300 |
_a209p. : _c20cm(Hb) _bill. |
||
| 650 |
_aDictionary -- Farm _vDictionary _9138887 |
||
| 650 |
_aFarm _vDictionary _9138888 |
||
| 700 |
_aChapman, Derek H. _9138889 |
||
| 942 |
_2ddc _cEN _h630.3 _mFAR |
||
| 999 |
_c134282 _d134282 |
||